<?xml version="1.0" encoding="UTF-8"?>
<record
    xmlns:xsi="http://www.w3.org/2001/XMLSchema-instance"
    xsi:schemaLocation="http://www.loc.gov/MARC21/slim http://www.loc.gov/standards/marcxml/schema/MARC21slim.xsd"
    xmlns="http://www.loc.gov/MARC21/slim">

  <leader>00463nam a22001817a 4500</leader>
  <controlfield tag="005">20230313105953.0</controlfield>
  <controlfield tag="008">230313b        |||||||| |||| 00| 0 eng d</controlfield>
  <datafield tag="020" ind1=" " ind2=" ">
    <subfield code="a">9788190 852838</subfield>
  </datafield>
  <datafield tag="041" ind1=" " ind2=" ">
    <subfield code="a">eng</subfield>
  </datafield>
  <datafield tag="082" ind1=" " ind2=" ">
    <subfield code="a">720.7</subfield>
    <subfield code="b">JAI</subfield>
  </datafield>
  <datafield tag="100" ind1=" " ind2=" ">
    <subfield code="a">JAin K ed.</subfield>
    <subfield code="9">120701</subfield>
  </datafield>
  <datafield tag="245" ind1=" " ind2=" ">
    <subfield code="a">Learning Architecture</subfield>
  </datafield>
  <datafield tag="260" ind1=" " ind2=" ">
    <subfield code="a">Aadi Centre</subfield>
    <subfield code="b">Ahmedabad</subfield>
    <subfield code="c">2019</subfield>
  </datafield>
  <datafield tag="300" ind1=" " ind2=" ">
    <subfield code="a">230p</subfield>
    <subfield code="b">Hb</subfield>
    <subfield code="c"> 24.5 x 18.5</subfield>
  </datafield>
  <datafield tag="365" ind1=" " ind2=" ">
    <subfield code="a">INR</subfield>
    <subfield code="b">2500.00</subfield>
    <subfield code="c">Rupaye</subfield>
  </datafield>
  <datafield tag="942" ind1=" " ind2=" ">
    <subfield code="c">BK</subfield>
  </datafield>
  <datafield tag="999" ind1=" " ind2=" ">
    <subfield code="c">99775</subfield>
    <subfield code="d">99775</subfield>
  </datafield>
  <datafield tag="952" ind1=" " ind2=" ">
    <subfield code="0">0</subfield>
    <subfield code="1">0</subfield>
    <subfield code="2">ddc</subfield>
    <subfield code="4">0</subfield>
    <subfield code="7">0</subfield>
    <subfield code="8">Book of Digital Architecture</subfield>
    <subfield code="a">BNCA</subfield>
    <subfield code="b">BNCA</subfield>
    <subfield code="d">2023-03-13</subfield>
    <subfield code="e">Mozeb books</subfield>
    <subfield code="g">1750.00</subfield>
    <subfield code="i">4601</subfield>
    <subfield code="o">720.7 JAI</subfield>
    <subfield code="p">BNCA-BK-12188</subfield>
    <subfield code="r">2023-03-13 00:00:00</subfield>
    <subfield code="t">1</subfield>
    <subfield code="v">2500.00</subfield>
    <subfield code="w">0000-00-00</subfield>
    <subfield code="y">RF</subfield>
    <subfield code="z">B12188</subfield>
  </datafield>
</record>
